Statistiques concernant La Bible - Les 12 apôtres de Jésus

Cliquez ici pour prendre le quiz!

Statistiques générales

  • Ce quiz a été pris 232 fois
  • Le résultat moyen est 7 sur 12

Statistiques - réponses

OrdreNom de l'Apôtre% Correct
1Pierre
95%
4Jean
95%
12Judas
88%
7Matthieu
73%
3Jacques
68%
9Jacques
65%
10Simon
57%
8Thomas
48%
2André
41%
5Philippe
33%
11Jude
32%
6Barthélemy
28%

Distribution des résultats

Percentile par nombre de réponses

% des personnes avec chaque résultat

Votre développement - résultats

Vous n’avez pas pris ce quiz